000
00283nam a22001097a 4500
008
160613b xxu||||| |||| 00| 0 eng d
020
_a
0323002501
041
_a
eng
080
_a
618.2
245
_a
Nursing issues in leading and managing change:
_c
Jeanette Lancaster;
942
_2
udc
_c
BK
999
_c
2447
_d
2447